| 000 | 00919cam a2200313I 4500 | ||
|---|---|---|---|
| 001 | 31300 | ||
| 003 | BD-RjUL | ||
| 005 | 20211209051701.0 | ||
| 008 | 140415s1963 nyu 000 0 eng c | ||
| 035 | _a(OCoLC)ocm01426401 | ||
| 035 | _a(BD-RjUL)31387 | ||
| 035 | _a(NNC)4678488 | ||
| 040 |
_aORL _cORL _beng _dBD-RjUL |
||
| 041 | _aeng | ||
| 082 |
_a204 _bMIS 1963 |
||
| 098 | _aWX2 | ||
| 100 | 1 |
_aMielke, Arthur W. _995250 |
|
| 245 | 1 | 0 |
_aSermons on questions children ask : _beach paired with one for adults on the same theme / _cArthur W Mielke. |
| 250 | _aExpanded ed. | ||
| 260 |
_aNew York : _bCrowell, _cc 1963. |
||
| 300 |
_a287 p. ; _c21 cm. |
||
| 650 | 0 |
_aChildren's questions and answers. _995251 |
|
| 650 | 0 |
_aTheology _vMiscellanea. _995252 |
|
| 650 | 0 |
_aChildren's sermons. _995253 |
|
| 650 | 0 |
_aSermons, American. _995254 |
|
| 942 |
_2ddc _cBK |
||
| 999 |
_c31300 _d31300 |
||